Farben Quiz - Statistiken

Allgemein
  • Dieses Quiz wurde 544 mal gespielt
  • Das Durchschnittsergebnis liegt bei 8 aus 45
Antwortstatistiken
Hint Antwort % Korrekt
M... Magenta
89%
V... Violett
79%
T... Türkis
71%
C... Cyanblau
63%
O... Ocker
52%
O... Olivgrün
45%
I... Indigo
39%
G... Goldgelb
32%
A... Aquamarin
31%
G... Grasgrün
31%
K... Karminrot
31%
Z... Zinnoberrot
29%
R... Rotorange
18%
G... Gelbgrün
17%
U... Ultramarinblau
15%
Z... Zitronengelb
13%
B... Blaugrün
12%
S... Smaragdgrün
11%
U... Umbra
11%
K... Kobaltblau
10%
G... Gelborange
9%
M... Maigrün
8%
P... Purpurrot
8%
S... Scharlachrot
6%
T... Türkisblau
6%
B... Blauviolett
5%
B... Blattgrün
4%
S... Seegrün
4%
M... Mittelblau
3%
M... Mittelgrün
3%
M... Mittelrot
3%
P... Preußischblau
3%
V... Violettblau
3%
M... Mittelgelb
2%
S... Sepia
2%
P... Pariserblau
1%
P... Purpurviolett
1%
B... Bremerblau
0%
C... Cadmiumgelb
0%
C... Coelinblau
0%
I... Indischgelb
0%
K... Krapplack
0%
P... Paynesgrau
0%
P... Phthalogrün
0%
V... Venizianischrot
0%
Keine übereinstimmenden Quizze gefunden
Verteilung der Resultate
Anzahl Personen mit jedem Resultat
Perzentil nach korrekt beantworteten Fragen
Ihre Resultats-Entwicklung
Sie haben dieses Quiz noch nicht gespielt